000 00518nam a22001937a 4500
005 20260219150600.0
020 _a1-55581-232-5
041 _aeng
082 _223rd ed.
_a572.87
_bBAC
245 _aBacterial chromosome
_cedited by N. Patrick Higgins
260 _aWashington
_bASM
_c2005
300 _axv, 559p.; ill.;
_c28 cm.
650 _aBacteria
650 _aBacterial chromosomes
650 _aBacterial genetics
700 _aHiggins, N. Patrick
856 _uwww.asmpress.org
942 _cBK
999 _c184466
_d184465